जीवन का लक्ष्य (Record no. 30208)

MARC details
000 -LEADER
fixed length control field 00350nam a22001217a 4500
003 - CONTROL NUMBER IDENTIFIER
control field SGT
082 ## - DEWEY DECIMAL CLASSIFICATION NUMBER
Classification number 891.4309
Item number J52A
100 ## - MAIN ENTRY--PERSONAL NAME
Personal name अरविन्द दी
245 ## - TITLE STATEMENT
Title जीवन का लक्ष्य
260 ## - PUBLICATION, DISTRIBUTION, ETC. (IMPRINT)
Name of publisher, distributor, etc मदर्स इंस्टिट्यूट ऑफ़ रिसर्च
Year of Publication 1952
300 ## - PAGE DESCRIPTION
No. of Pages 324
942 ## - ADDED ENTRY ELEMENTS (KOHA)
Source of classification or shelving scheme Dewey Decimal Classification
Koha item type Books
Holdings
Withdrawn status Lost status Source of classification or shelving scheme Damaged status Not for loan Home library Current library Shelving location Date acquired SGTU Total Checkouts Full call number Accession No. (Barcode) Date last seen Bill Date Koha item type
    Dewey Decimal Classification   Not For Loan SGT Chancellor's Library SGT Chancellor's Library Reference Book 05/03/2025 SGTU   891.4309 J52A CH2664 05/03/2025 05/03/2025 Books